000 00431nam a2200145 4500
999 _c512972
_d512972
008 200107b ||||| |||| 00| 0 eng d
100 _aSahni, Arun
_915162
245 _aA peaceful Northeast is imperative for India's Act East Policy
260 _bWorld Affairs
300 _a23(3), Jul-Sep, 2019: p.118-135.
650 _aIndia's Act East Policy
_915163
773 _aWorld Affairs
906 _aNorth East
942 _2ddc
_cAR